LEADER 00607naa a2200145 i 4500 001 000000293924 003 CaOOAMICUS 005 20180831172456.0 008 180831n xx u000 u und u 013 $a1207 040 $aSeMil$bita 100 1 $aFragnito, Gigliola.$0(OLS)http://semarc/name/42634 245 14$aGli Ordini religiosi tra Riforma e Controriforma. 773 0 $aBizzocchi, Roberto$tClero e società nell'Italia moderna.$dRoma ; Bari : Laterza & Figli, 1995.$kBiblioteca universale Laterza$z88-420-4658-2$w()42428 996 $6245$aGli Ordini religiosi tra Riforma e Controriforma$9(OLS)http://semarc/title/370013 LEADER 00960nam a2200217 i 4500 001 000000119317 003 CaOOAMICUS 005 20040831000000.0 008 040831s1957 it u000 u ita u 013 $a92010 040 $aSeMil$bita 245 10$aDalla Preistoria alla Storia /$c[Paolo Marinotti ... et al.]. 250 $aEsemplare per S.E. Rev.ma Mons. Giovanni Battista Montini, Arcivescovo di Milano. 300 $a555 p. :$briccamente ill. 650 4$aVenezia - Storia.$0(OLS)http://semarc/subject/2116 650 4$aVenezia - Preistoria.$0(OLS)http://semarc/subject/22344 700 1 $aMarinotti, Paolo.$0(OLS)http://semarc/name/49769 773 0 $tStoria di Venezia.$dVenezia : [a cura del] Centro Internazionale delle arti e del costume, [19--]$gVolume1$w()12044 850 $aSeMil 852 $aSeMil$W1$xVenegono$y1$m3V IV 192$j74548$B74548$CSeMilBibl$Z2$F85763 $81 996 $6245$aDalla Preistoria alla Storia$9(OLS)http://semarc/title/175350